<?xml version="1.0" encoding="UTF-8"?>
<record
    xmlns:xsi="http://www.w3.org/2001/XMLSchema-instance"
    xsi:schemaLocation="http://www.loc.gov/MARC21/slim http://www.loc.gov/standards/marcxml/schema/MARC21slim.xsd"
    xmlns="http://www.loc.gov/MARC21/slim">

  <leader>01004cam a22002771  4500</leader>
  <controlfield tag="001">sa 67007082 </controlfield>
  <controlfield tag="003">DLC</controlfield>
  <controlfield tag="005">20260227112412.0</controlfield>
  <controlfield tag="008">890620s1965    ii c     b    000 0 hino </controlfield>
  <datafield tag="010" ind1=" " ind2=" ">
    <subfield code="a">sa 67007082 </subfield>
  </datafield>
  <datafield tag="035" ind1=" " ind2=" ">
    <subfield code="a">(OCoLC)19902495</subfield>
  </datafield>
  <datafield tag="040" ind1=" " ind2=" ">
    <subfield code="a">DLC</subfield>
    <subfield code="c">WaU</subfield>
    <subfield code="d">NRU</subfield>
    <subfield code="d">DLC</subfield>
  </datafield>
  <datafield tag="042" ind1=" " ind2=" ">
    <subfield code="a">premarc</subfield>
  </datafield>
  <datafield tag="050" ind1="0" ind2="0">
    <subfield code="a">PK2097.G8</subfield>
    <subfield code="b">Z6</subfield>
  </datafield>
  <datafield tag="110" ind1="2" ind2=" ">
    <subfield code="a">B&#x101;b&#x16B; B&#x101;lamukunda Gupta &#x15A;atav&#x101;rshik&#x12B; Sam&#x101;roha Samiti.</subfield>
  </datafield>
  <datafield tag="245" ind1="0" ind2="0">
    <subfield code="a">Bala Mukunda Gupta,</subfield>
    <subfield code="b">eka m&#x16B;ly&#x101;&#x1E47;kana.</subfield>
    <subfield code="c">Samp&#x101;daka Kaly&#x101;&#x1E47;amala Lo&#x1E5B;h&#x101; [aura] Vish&#x1E47;uk&#x101;nta &#x15A;&#x101;str&#x12B;.</subfield>
  </datafield>
  <datafield tag="250" ind1=" " ind2=" ">
    <subfield code="a">[1. sa&#x1E43;skara&#x1E47;a]</subfield>
  </datafield>
  <datafield tag="260" ind1=" " ind2=" ">
    <subfield code="a">Kalakatt&#x101;,</subfield>
    <subfield code="b">B&#x101;b&#x16B; B&#x101;lamukunda Gupta &#x15A;atav&#x101;rshik&#x12B; Sam&#x101;roha Samiti; [eka m&#x101;tra vitaraka: Amit&#x101;bha Prak&#x101;&#x15B;ana,</subfield>
    <subfield code="c">1965]</subfield>
  </datafield>
  <datafield tag="300" ind1=" " ind2=" ">
    <subfield code="a">214, 46 p.</subfield>
    <subfield code="b">port.</subfield>
    <subfield code="c">22 cm.</subfield>
  </datafield>
  <datafield tag="500" ind1=" " ind2=" ">
    <subfield code="a">In Hindi.</subfield>
  </datafield>
  <datafield tag="504" ind1=" " ind2=" ">
    <subfield code="a">Bibliographical footnotes.</subfield>
  </datafield>
  <datafield tag="600" ind1="1" ind2="0">
    <subfield code="a">Gupta, B&#x101;lmukund,</subfield>
    <subfield code="d">1865-1907.</subfield>
  </datafield>
  <datafield tag="700" ind1="1" ind2=" ">
    <subfield code="a">Gupta, B&#x101;lmukund,</subfield>
    <subfield code="c">1865-1907.</subfield>
  </datafield>
  <datafield tag="700" ind1="1" ind2=" ">
    <subfield code="a">Lo&#x1E5B;h&#x101;, Kaly&#x101;&#x1E47;amala.</subfield>
  </datafield>
  <datafield tag="700" ind1="1" ind2=" ">
    <subfield code="a">&#x15A;&#x101;str&#x12B;, Vish&#x1E47;uk&#x101;nta,</subfield>
    <subfield code="d">1929-</subfield>
  </datafield>
  <datafield tag="999" ind1=" " ind2=" ">
    <subfield code="c">76346</subfield>
    <subfield code="d">76346</subfield>
  </datafield>
</record>
